00433nam a2200169Ia 4500003000400000005001700004008004100021020001800062050002400080100002100104245004900125260003500174300003300209440000600242521000700248526000800255OSt20140313143106.0140130s9999 xx 000 0 und d a9780590442978 aPZ 7b.B7633Cb 1985 aBridwell, Norman aClifford the Big Red Dog /cNorman Bridwell. bScholastic,c1985.aNew York : a30 p. :bcol. ill. ;c19 cm. v1 aG1 c220